Library of the University of Algiers 3
Ibrahim Sultan Cheibout
شعار جامعة الجزائر 3
مكتبة جامعة الجزائر 3
إبراهيم سلطان شيبوط

قانون التجارة الإلكترونية والتوقيع الإلكتروني وقانون الملكية الفكرية والأدبية / (رقم التسجيلة. 45626)

تفاصيل مارك
000 -LEADER
fixed length control field 01578nam a2200229Ia 4500
003 - CONTROL NUMBER IDENTIFIER
control field Ost
005 - DATE AND TIME OF LATEST TRANSACTION
control field 20260507075652.0
008 - FIXED-LENGTH DATA ELEMENTS--GENERAL INFORMATION
fixed length control field 260507s9999||||xx |||||||||||||| ||und||
040 ## - CATALOGING SOURCE
Transcribing agency fsecg
041 ## - LANGUAGE CODE
Language code of text/sound track or separate title ara
082 ## - DEWEY DECIMAL CLASSIFICATION NUMBER
Classification number 381.142
100 ## - MAIN ENTRY--PERSONAL NAME
Personal name أحمد، ابراهيم سيد
Relator term مؤلف
245 #0 - TITLE STATEMENT
Title قانون التجارة الإلكترونية والتوقيع الإلكتروني وقانون الملكية الفكرية والأدبية /
Statement of responsibility, etc. ابراهيم سيد أحمد
260 ## - PUBLICATION, DISTRIBUTION, ETC.
Place of publication, distribution, etc. الإسكندرية:
Name of publisher, distributor, etc. الدار الجامعية,
Date of publication, distribution, etc. 2005
300 ## - PHYSICAL DESCRIPTION
Extent 464 صفحة؛
Other physical details إيضاحات ؛
Dimensions 25 سم
520 ## - SUMMARY, ETC.
Summary, etc. اتفاقية TRIPS- معاهدات الويبو بشأن حق المؤلف- معاهدة الويبو بشأن الأداء والتسجيل الصوتي- قانون الأونسيترال النموذجي بشأن التوقيعات الإلكترونية- التعليق على قانون التوقيعات الإلكترونية في التجارة العالمية والمحلية- أحكام مشروع اتفاقية الجوانب القانونية للتجارة الإلكترونية- لجنة الامم المتحدة لقانون التجاري- القانون رقم10 لسنة 2004 بتنظيم التوقيع الإلكتروني في جمهورية مصر العربية.
653 ## - INDEX TERM--UNCONTROLLED
Uncontrolled term التجارة الإلكترونية
653 ## - INDEX TERM--UNCONTROLLED
Uncontrolled term التوقيع الإلكتروني
653 ## - INDEX TERM--UNCONTROLLED
Uncontrolled term القانون التجاري
653 ## - INDEX TERM--UNCONTROLLED
Uncontrolled term الملكية الفكرية- قوانين وتشريعات
942 ## - ADDED ENTRY ELEMENTS (KOHA)
Koha item type كتب
المقتنيات
Withdrawn status Lost status Source of classification or shelving scheme Damaged status Not for loan Home library Current library Date acquired Serial enumeration / chronology Inventory number Total checkouts Full call number Barcode Date last seen Price effective from Koha item type
    Dewey Decimal Classification   Available مكتبة كلية العلوم الإقتصادية والعلوم التجارية وعلوم التسيير مكتبة كلية العلوم الإقتصادية والعلوم التجارية وعلوم التسيير 07/05/2026 الطابق الثاني 1766/9   أ/1766ن9 1766/9 07/05/2026 07/05/2026 كتب

موارد الويب المفتوحة


© University of Algiers 3 All Rights Reserved
|
Implemented by LECHELAH Riad